000
00301nam a22001337a 4500
008
181017b xxu||||| |||| 00| 0 eng d
020
_a
9780819218360
041
_a
eng
080
_a
159.9
100
_a
49
101
_a
PSI
245
_a
WillOur Children Have Faith
_c
John.H.W
942
_2
udc
_c
BK
999
_c
50055
_d
50055